Where Did It Happen? (20th Century) Quiz Stats

Quiz Updated Aug 21, 2016

Challenge
Share
Tweet
Score 0/22 Timer 05:00
3 Plays Today
% Correct
India
Indira Gandhi
assassination
94.7%
France - D-Day
94.6%
Brazil
Christ the
Redeemer
93.2%
China
Tiananmen Square
93.1%
South Africa
Apartheid
92.9%
Russia - October Revolution
92.7%
Japan
Atomic
bombings
92.6%
Germany
Nuremberg
90.4%
Cuba - Bay of Pigs
84.1%
Kazakhstan
Sputnik
71.7%
UK
Penicillin
71.1%
% Correct
Ukraine
Chernobyl
70%
USA
Hindenburg
69.6%
Vietnam - Tet Offensive
68.3%
Cambodia - Khmer Rouge
59%
Sweden
Nobel
57.3%
Ethiopia
Selassie
50.6%
Mexico
Zapatistas
48.7%
Malaysia - Petronas
42.8%
Guyana
Jonestown
42.7%
Egypt
El Alamein
41.9%
Bolivia
Guevara captured
30.8%

You're not logged in!

Compare scores with friends on all Sporcle quizzes.
Sign Up with Email
OR
Log In

You Might Also Like...

Show Comments

Extras

Top Quizzes Today


Score Distribution

Your Account Isn't Verified!

In order to create a playlist on Sporcle, you need to verify the email address you used during registration. Go to your Sporcle Settings to finish the process.